01169nam a2200205Ia 4500100002800000250000600028942000700034654002500041245004200066260003300108082002000141300000800161546001200169999001700181952015300198952015300351952015300504952015300657952015300810 aTaub and Schilling/D.L  a2 cBK acommunication system aPrinciples of communication systems bMc Graw HillaNew Yorkc1986 a621.38bTAU/SCH a759 aENGLISH c18529d18529 001040708CRCaCRCEbCRCEc1488 | 23d2023-03-17eBook Worldg150.25i138 dt 23.11.90l0o621.38 TAU/SCHp3059r2023-03-17v150.25w1990-11-23yBK 001040708CRCaCRCEbCRCEc1488 | 23d2023-03-17eBook Worldg150.25i138 dt 23.11.90l0o621.38 TAU/SCHp3060r2023-03-17v150.25w1990-11-23yBK 001040708CRCaCRCEbCRCEc1488 | 23d2023-03-17eBook Worldg150.25i138 dt 23.11.90l0o621.38 TAU/SCHp3061r2023-03-17v150.25w1990-11-23yBK 001040708CRCaCRCEbCRCEc1488 | 23d2023-03-17eBook Worldg150.25i138 dt 23.11.90l0o621.38 TAU/SCHp3062r2023-03-17v150.25w1990-11-23yBK 001040708CRCaCRCEbCRCEc1488 | 23d2023-03-17eBook Worldg150.25i138 dt 23.11.90l0o621.38 TAU/SCHp3063r2023-03-17v150.25w1990-11-23yBK